000 00791nam a2200265Ia 4500
003 OSt
005 20220918171346.0
006 a|||||r|||| 00| 0
007 ta
008 220917b |||||||| |||| 00| 0 eng d
020 _a9781526487209 (hbk)
_cUKP 45.00
024 _a354,608
037 _b59, 17/12/2021, Classic Book Service
_cTextual
040 _aARTS
_cARTS
_beng
041 _2eng
_aeng
082 _aW691, R1
100 _aAxford Barrie Au.
_936045
245 0 _aPopulism vs the new globalization
260 _aLos Angeles
_b Sage USA
_c2021
300 _avi,126p.
_ccm.
490 _aSage swifts series
650 _aPOLITICAL SCIENCE
942 _hW691, R1
_cTEXL
_2CC
999 _c139186
_d139186